Running to stand still (Record no. 73361)
[ view plain ]
| 000 -LEADER | |
|---|---|
| fixed length control field | 00905cam a2200229 4500 |
| 001 - CONTROL NUMBER | |
| control field | ABS66945 |
| 008 - FIXED-LENGTH DATA ELEMENTS--GENERAL INFORMATION | |
| fixed length control field | 030905n2003 000 0 eng u |
| 035 ## - SYSTEM CONTROL NUMBER | |
| System control number | (Sirsi) u123506 |
| 100 ## - MAIN ENTRY--PERSONAL NAME | |
| Personal name | Young, E. |
| 245 ## - TITLE STATEMENT | |
| Title | Running to stand still |
| 260 ## - PUBLICATION, DISTRIBUTION, ETC. | |
| Date of publication, distribution, etc. | 2003 |
| 490 ## - SERIES STATEMENT | |
| Series statement | RIBA Journal |
| Volume/sequential designation | 110(8) August 2003, 42-48(6) |
| 520 ## - SUMMARY, ETC. | |
| Summary, etc. | Survey of the RIBA annual employment and earnings of architects. Highlights that in-house architects and principal in partnership based in London are doing well, but others need to work longer hours just to keep pace with inflation. Includes tables of earnings by field of employment, employment structure 1980-2003, and median earnings by age and field of employment. |
| 590 ## - LOCAL NOTE (RLIN) | |
| Local note | ABS |
| 650 ## - SUBJECT ADDED ENTRY--TOPICAL TERM | |
| Topical term or geographic name entry element | PROFESSIONAL PRACTICES |
| 650 ## - SUBJECT ADDED ENTRY--TOPICAL TERM | |
| Topical term or geographic name entry element | ARCHITECTS |
| 650 ## - SUBJECT ADDED ENTRY--TOPICAL TERM | |
| Topical term or geographic name entry element | SURVEYS |
| 650 ## - SUBJECT ADDED ENTRY--TOPICAL TERM | |
| Topical term or geographic name entry element | EARNINGS |
| 650 ## - SUBJECT ADDED ENTRY--TOPICAL TERM | |
| Topical term or geographic name entry element | EMPLOYMENT |
| 690 ## - LOCAL SUBJECT ADDED ENTRY--TOPICAL TERM (OCLC, RLIN) | |
| Topical term or geographic name as entry element | BUILT ENVIRONMENT |
| 942 ## - ADDED ENTRY ELEMENTS (KOHA) | |
| Suppress in OPAC | 0 |
| Withdrawn status | Lost status | Source of classification or shelving scheme | Damaged status | Not for loan | Home library | Current library | Shelving location | Date acquired | Total Checkouts | Full call number | Barcode | Date last seen | Copy number | Price effective from | Koha item type |
|---|---|---|---|---|---|---|---|---|---|---|---|---|---|---|---|
| Dewey Decimal Classification | London | London | Journal article | 05/09/2003 | ABS66945 | 123506-1001 | 06/08/2019 | 1 | 06/08/2019 | Journal article |